Les 15 Plus Grandes Villes d'Australie - Statistiques

Statistiques générales
  • Ce quiz a été pris 346 fois
  • Le résultat moyen est 7 sur 15
Statistiques - réponses
Population (2016) Ville % Correct
5 029 768 Sydney
100%
4 725 316 Melbourne
97%
2 022 044 Perth
93%
395 790 Canberra
92%
2 360 241 Brisbane
84%
1 324 279 Adélaïde
76%
538 263 Gold Coast
43%
150 041 Cairns
42%
224 462 Hobart
34%
322 278 Newcastle
29%
178 860 Townsville
13%
179 042 Geelong
12%
295 669 Wollongong
12%
134 037 Toowoomba
6%
98 888 Ballarat
3%
Aucun quiz correspondant
Distribution des résultats
% des personnes avec chaque résultat
Percentile par nombre de réponses
Votre historique - résultats
Vous n’avez pas pris ce quiz